000 00625nam a2200217Ia 4500
003 OSt
005 20230427113206.0
008 210423s2016 xx 000 0 und d
020 _a978-1-78453-592-6
040 _cAL
041 _aeng
082 _a323.448
_223
_bBROR
100 _aBROCK (George)
_993901
245 _aRight to be forgotten: privacy and the media in the digital age
260 _aLondon
_bI B Tauris
_c2016
300 _avii,120
_bPB
365 _b1421.25
_cUSD
650 _aCivil & Political Rights
_993902
906 _aage ; be ; digital ; forgotten: ; media ; privacy ; Right
942 _2ddc
_cBK
999 _c170368
_d170368